| 000 | 01184nam a22002297a 4500 | ||
|---|---|---|---|
| 003 | Uzh_bibl | ||
| 008 | 260415b |||||||| |||| 00| 0 ukr d | ||
| 020 |
_a5-7775-0151-6 _c3.60 |
||
| 041 |
_2ukr _aukr |
||
| 080 | _a94(477) | ||
| 090 |
_a94(477) _bШ 24 |
||
| 100 | _aШаповал, Іван | ||
| 245 |
_aВ пошуках скарбів _hТекст |
||
| 260 |
_aДніпропетровськ _bПромінь _c1990 |
||
| 300 |
_a352 с. _fВ опр. |
||
| 520 | _aКнига оповідань біографічного жанру про життя історика Запорізької Січі Дмитра Івановича Яворницького (1855–1940). Оповідання виходять з передмовою Максима Рильського і познайомлять читачів не тільки з життям Яворницького, а й з історією рідного краю. | ||
| 521 | _aДля широкого кола читачів | ||
| 546 | _aукр. | ||
| 650 | _aЛітературно-художне видання | ||
| 655 | _vоповідання про Д.І. Яворницького | ||
| 942 |
_2udc _cBK |
||
| 999 |
_c17340 _d17340 |
||